[Event "BL 1516 Hamburger SK - SV Mülheim Nord"]
[Site "?"]
[Date "2015.09.20"]
[Round "2.5"]
[White "Berelowitsch, Alexander"]
[Black "Hansen, Sune Berg"]
[Result "1/2-1/2"]
[WhiteElo "2521"]
[BlackElo "2568"]
[PlyCount "45"]
[EventDate "2015.??.??"]

1. e4 e5 2. Nf3 Nc6 3. Nc3 Nf6 4. d4 exd4 5. Nxd4 Bb4 6. Nxc6 bxc6 7. Bd3 d5 8.
exd5 O-O 9. O-O cxd5 10. h3 Re8 11. Qf3 Rb8 12. Bg5 c6 13. Ne2 Bd6 14. b3 Be5
15. Bf4 Qd6 16. Bxe5 Qxe5 17. Qg3 c5 18. Qxe5 Rxe5 19. Rfe1 Kf8 20. Ng3 Rxe1+
21. Rxe1 Be6 22. f4 a5 23. f5 1/2-1/2

[Event "BL 1516 Hamburger SK - SV Mülheim Nord"]
[Site "?"]
[Date "2015.09.20"]
[Round "2.6"]
[White "Ftacnik, Lubomir"]
[Black "Levin, Felix"]
[Result "1/2-1/2"]
[WhiteElo "2556"]
[BlackElo "2503"]
[PlyCount "114"]
[EventDate "2015.??.??"]

1. Nf3 Nf6 2. c4 e6 3. g3 d5 4. d4 Bb4+ 5. Bd2 Be7 6. Bg2 c6 7. Qc2 Nbd7 8. O-O
O-O 9. Rd1 b6 10. b3 Ba6 11. Bf4 Rc8 12. Nc3 h6 13. e4 dxc4 14. h3 Re8 15. Nd2
b5 16. bxc4 bxc4 17. Na4 c5 18. d5 exd5 19. e5 Nh5 20. Bxd5 Nxf4 21. gxf4 Nxe5
22. Nxc4 Nxc4 23. Bxc4 Qa5 24. Rd7 Bxc4 25. Qxc4 Qb4 26. Rc1 a5 27. a3 Qxc4 28.
Rxc4 Rcd8 29. Rc7 Rd4 30. Nb6 Bd6 31. Rc6 Rd2 32. Rc8 Rxc8 33. Nxc8 Bf8 34. Kg2
Rd3 35. Ra4 c4 36. Rxc4 Bxa3 37. Nb6 g6 38. Rc8+ Kg7 39. Ra8 Bb4 40. Nc4 Rc3
41. Ne5 Rc7 42. Ra6 Rb7 43. Nc4 Rb5 44. Ra7 Rf5 45. Kg3 g5 46. fxg5 hxg5 47.
Ne3 Rb5 48. h4 Bc5 49. Ra6 Bxe3 50. fxe3 gxh4+ 51. Kxh4 Rb4+ 52. Kg5 Ra4 53. e4
Ra1 54. e5 a4 55. e6 fxe6 56. Ra7+ Kf8 57. Kf6 Ke8 1/2-1/2

[Event "BL 1516 Hamburger SK - SV Mülheim Nord"]
[Site "?"]
[Date "2015.09.20"]
[Round "2.7"]
[White "Hausrath, Daniel"]
[Black "Lampert, Jonas"]
[Result "1/2-1/2"]
[WhiteElo "2499"]
[BlackElo "2469"]
[PlyCount "57"]
[EventDate "2015.??.??"]

1. Nf3 d5 2. g3 g6 3. Bg2 Bg7 4. O-O e5 5. d3 Nc6 6. Nbd2 Nge7 7. e4 O-O 8.
exd5 Nxd5 9. Nc4 Nb6 10. Nxb6 axb6 11. Re1 Be6 12. a3 Qd7 13. Ng5 Bg4 14. f3
Bf5 15. Be3 h6 16. Ne4 Be6 17. Bxh6 Qd4+ 18. Be3 Qxb2 19. Re2 Nd4 20. Rf2 Nf5
21. Bd2 Qd4 22. Bc3 Qd8 23. Qd2 Nd6 24. Nxd6 Qxd6 25. Re1 Bd5 26. Bb2 Rfe8 27.
Rfe2 Qc6 28. Rf2 b5 29. h4 1/2-1/2

[Event "BL 1516 SK Norderstedt - Hansa Dortmund"]
[Site "?"]
[Date "2015.09.20"]
[Round "2.1"]
[White "Donchenko, Alexander"]
[Black "Kopylov, Michael"]
[Result "1-0"]
[WhiteElo "2568"]
[BlackElo "2409"]
[PlyCount "85"]
[EventDate "2015.??.??"]

1. Nf3 d5 2. d4 Nf6 3. c4 c6 4. Qc2 dxc4 5. Qxc4 Bf5 6. g3 e6 7. Bg2 Nbd7 8.
O-O Be7 9. e3 O-O 10. Rd1 Qc7 11. Nc3 e5 12. h3 Rad8 13. Qe2 Rfe8 14. e4 exd4
15. Nxd4 Bg6 16. Bf4 Qc8 17. a3 Bf8 18. Qc2 Nc5 19. Bg5 Be7 20. Be3 Bd6 21. f3
Qb8 22. Nde2 Ncd7 23. Bf2 Bc5 24. Nf4 Bb6 25. Nxg6 Qxg3 26. Bxb6 axb6 27. e5
Nh5 28. Rd4 hxg6 29. Rad1 Nf4 30. Ne4 Qxg2+ 31. Qxg2 Nxg2 32. Kxg2 Re7 33. f4
Kf8 34. h4 Kg8 35. b4 Kf8 36. R1d3 Kg8 37. a4 Kh7 38. Rd1 Kh6 39. Kg3 Kh5 40.
Rd6 Kh6 41. h5 Rde8 42. hxg6 f6 43. f5 1-0

[Event "BL 1516 SK Norderstedt - Hansa Dortmund"]
[Site "?"]
[Date "2015.09.20"]
[Round "2.2"]
[White "Krause, Benedict"]
[Black "Markus, Robert"]
[Result "0-1"]
[WhiteElo "2289"]
[BlackElo "2621"]
[PlyCount "108"]
[EventDate "2015.??.??"]

1. e4 c5 2. Nf3 e6 3. d4 cxd4 4. Nxd4 a6 5. c4 Nf6 6. Nc3 Qc7 7. a3 b6 8. Be3
Bb7 9. f3 Be7 10. Rc1 O-O 11. Be2 d6 12. O-O Nbd7 13. Qd2 Rfc8 14. b4 Qd8 15.
Rfd1 Rab8 16. Nb3 Qf8 17. Bf1 Ba8 18. Qf2 h6 19. Rd2 g5 20. Rcd1 Ne5 21. Na4
Nxc4 22. Bxc4 Rxc4 23. Nxb6 Rc3 24. Rd3 Rxd3 25. Rxd3 Bc6 26. Rc3 Bxe4 27. fxe4
Nxe4 28. Qc2 Nxc3 29. Qxc3 Qg7 30. Qc7 Re8 31. Nc8 Qe5 32. Nxe7+ Rxe7 33. Qc8+
Kh7 34. Qc2+ f5 35. Bf2 Qe4 36. Qxe4 fxe4 37. a4 Rc7 38. Kf1 Rc3 39. Nd4 e5 40.
Nf5 d5 41. Bg3 Rb3 42. Bxe5 Rxb4 43. a5 Kg6 44. g4 Rb7 45. Ne3 Rb5 46. Bc3 Rc5
47. Be1 d4 48. Nf5 d3 49. Bd2 Rc2 50. Ke1 Kf6 51. Ne3 Ra2 52. Nd5+ Ke5 53. Ne3
Kf4 54. Nd1+ Kf3 0-1

[Event "BL 1516 SK Norderstedt - Hansa Dortmund"]
[Site "?"]
[Date "2015.09.20"]
[Round "2.3"]
[White "Hera, Imre"]
[Black "Powierski, Emil"]
[Result "1/2-1/2"]
[WhiteElo "2599"]
[BlackElo "2278"]
[PlyCount "188"]
[EventDate "2015.??.??"]

1. c4 Nf6 2. Nc3 g6 3. g3 Bg7 4. Bg2 O-O 5. d4 d6 6. Nf3 Nc6 7. O-O a6 8. h3
Bd7 9. e4 e5 10. Be3 exd4 11. Nxd4 Nxd4 12. Bxd4 Bc6 13. b4 Nh5 14. Rc1 Bxd4
15. Qxd4 b6 16. Rfd1 Re8 17. c5 dxc5 18. bxc5 Qxd4 19. Rxd4 bxc5 20. Rc4 Re5
21. Nd5 Bxd5 22. exd5 Rb8 23. Rxc5 Rb2 24. Bf3 Rxa2 25. Rxc7 Rd2 26. Ra7 Rf5
27. Rd1 Rfxd5 28. Rxd2 Rxd2 29. Rxa6 Kg7 30. Bxh5 gxh5 31. h4 Rc2 32. Kg2 Rc3
33. Ra5 Kg6 34. Rg5+ Kh6 35. Kf1 Rc2 36. Ke1 Rb2 37. Rd5 Kg6 38. Rd2 Rb3 39.
Ke2 Rb6 40. Ke3 Rb3+ 41. Rd3 Rb2 42. Rd2 Rb3+ 43. Ke4 Rb5 44. Rd5 Rb4+ 45. Rd4
Rb2 46. Ke3 Ra2 47. f3 Ra6 48. Rd5 Ra3+ 49. Ke4 Ra4+ 50. Rd4 Ra3 51. Kf4 Rb3
52. Ra4 Rb6 53. Rd4 Rf6+ 54. Ke4 Re6+ 55. Kf4 Rf6+ 56. Ke3 Re6+ 57. Kf2 Ra6 58.
Rd3 Ra2+ 59. Ke3 Ra1 60. Rd6+ f6 61. Rd4 Re1+ 62. Kf4 Ra1 63. Rb4 Rc1 64. Ra4
Rb1 65. Rc4 Ra1 66. Rb4 Rc1 67. Rb3 Rc4+ 68. Ke3 Ra4 69. Rc3 Ra1 70. Rd3 Rb1
71. Ra3 Rc1 72. Ra4 Re1+ 73. Kf4 Rb1 74. Re4 Ra1 75. Re8 Ra4+ 76. Ke3 Ra1 77.
Rg8+ Kf7 78. Rh8 Kg7 79. Rd8 Kg6 80. Rd2 Re1+ 81. Kf2 Ra1 82. Rb2 Rc1 83. Kg2
Ra1 84. Rc2 Rb1 85. Ra2 Rc1 86. Rf2 Ra1 87. g4 hxg4 88. fxg4 h5 89. gxh5+ Kxh5
90. Rxf6 Kxh4 91. Rf4+ Kg5 92. Kg3 Rg1+ 93. Kf2 Kxf4 94. Kxg1 Ke5 1/2-1/2

[Event "BL 1516 SK Norderstedt - Hansa Dortmund"]
[Site "?"]
[Date "2015.09.20"]
[Round "2.4"]
[White "Michna, Marta"]
[Black "Tari, Aryan"]
[Result "1/2-1/2"]
[WhiteElo "2398"]
[BlackElo "2518"]
[PlyCount "57"]
[EventDate "2015.??.??"]

1. d4 Nf6 2. Nf3 g6 3. c3 Bg7 4. h3 O-O 5. Bf4 d6 6. Nbd2 c5 7. dxc5 dxc5 8. e4
Nc6 9. Qc2 b6 10. Be2 Bb7 11. O-O Nh5 12. Bh2 e5 13. Nc4 Qc7 14. Rfd1 Nf4 15.
Nd6 Nxe2+ 16. Qxe2 Rad8 17. Nxb7 Qxb7 18. Rd5 f6 19. Rad1 Rxd5 20. Rxd5 Rd8 21.
Qd1 Rxd5 22. Qxd5+ Kf8 23. h4 h5 24. Bxe5 fxe5 25. Qd6+ Kg8 26. Qe6+ Kf8 27.
Qd6+ Kg8 28. Qe6+ Kf8 29. Qd6+ 1/2-1/2

[Event "BL 1516 SK Norderstedt - Hansa Dortmund"]
[Site "?"]
[Date "2015.09.20"]
[Round "2.5"]
[White "Berg, Emanuel"]
[Black "Jochens, Arne"]
[Result "1-0"]
[WhiteElo "2567"]
[BlackElo "2274"]
[PlyCount "41"]
[EventDate "2015.??.??"]

1. e4 e6 2. d4 d5 3. Nc3 Nf6 4. Bg5 Bb4 5. e5 h6 6. Be3 Ne4 7. Qg4 g6 8. a3
Bxc3+ 9. bxc3 c5 10. Bd3 h5 11. Qh3 Nxc3 12. dxc5 d4 13. Bd2 Nc6 14. Nf3 Na4
15. O-O Nxc5 16. Bg5 Qd5 17. Rad1 b6 18. Bf6 Rg8 19. Bb5 Bd7 20. Rfe1 Ne4 21.
c4 1-0

[Event "BL 1516 SK Norderstedt - Hansa Dortmund"]
[Site "?"]
[Date "2015.09.20"]
[Round "2.6"]
[White "Michna, Christian"]
[Black "Mons, Léon"]
[Result "0-1"]
[WhiteElo "2272"]
[BlackElo "2464"]
[PlyCount "62"]
[EventDate "2015.??.??"]

1. d4 Nf6 2. Nc3 d5 3. Bg5 Nbd7 4. Qd3 h6 5. Bh4 e6 6. e4 dxe4 7. Nxe4 Be7 8.
Nxf6+ Nxf6 9. O-O-O O-O 10. Nf3 b6 11. Bxf6 Bxf6 12. Qe4 Rb8 13. Bd3 g6 14. Ne5
Bb7 15. Qe3 Bg7 16. h4 c5 17. Nxg6 cxd4 18. Qe2 fxg6 19. Qxe6+ Rf7 20. Bxg6 Qf6
21. Bxf7+ Qxf7 22. Rhe1 Bxg2 23. Qd6 Rf8 24. Kb1 Qf6 25. Re6 Qf4 26. Qe7 Rf7
27. Qe8+ Kh7 28. a4 Bd5 29. Re7 Rxe7 30. Qxe7 Qxf2 31. a5 d3 0-1

[Event "BL 1516 SK Norderstedt - Hansa Dortmund"]
[Site "?"]
[Date "2015.09.20"]
[Round "2.7"]
[White "Zelbel, Patrick"]
[Black "Meyer, Falko"]
[Result "1-0"]
[WhiteElo "2432"]
[BlackElo "2213"]
[PlyCount "67"]
[EventDate "2015.??.??"]

1. e4 c6 2. c4 d5 3. exd5 cxd5 4. cxd5 Nf6 5. Nc3 Nxd5 6. Nf3 Nxc3 7. bxc3 g6
8. Bb5+ Nd7 9. O-O Bg7 10. Re1 O-O 11. Ba3 Bf6 12. Qe2 Re8 13. d4 a6 14. Bc4
Qc7 15. Nd2 b5 16. Bb3 Bb7 17. Ne4 Bxe4 18. Qxe4 Nb6 19. Qf3 Rac8 20. Bxe7 Bxe7
21. Qxf7+ Kh8 22. Re3 Rf8 23. Qxe7 Qxe7 24. Rxe7 Rxc3 25. Rae1 a5 26. Rb7 a4
27. Bd1 Nd5 28. Rxb5 Nf4 29. Bxa4 Ne2+ 30. Kf1 Nxd4 31. Rb7 Ra8 32. Bb3 Nxb3
33. axb3 Rc2 34. g3 1-0

[Event "BL 1516 SK Norderstedt - Hansa Dortmund"]
[Site "?"]
[Date "2015.09.20"]
[Round "2.8"]
[White "Kahlert, Thomas"]
[Black "Korpa, Bence"]
[Result "1/2-1/2"]
[WhiteElo "2178"]
[BlackElo "2434"]
[PlyCount "70"]
[EventDate "2015.??.??"]

1. c4 e6 2. Nc3 d5 3. d4 Nf6 4. Nf3 dxc4 5. e3 a6 6. a4 c5 7. Bxc4 Nc6 8. O-O
Be7 9. Qe2 cxd4 10. Rd1 e5 11. exd4 exd4 12. Nxd4 Nxd4 13. Qe3 O-O 14. Qxd4
Qxd4 15. Rxd4 Bc5 16. Rd1 Bg4 17. Re1 Rac8 18. h3 Bd7 19. Nd5 Bxf2+ 20. Kxf2
Rxc4 21. Nxf6+ gxf6 22. Bh6 Rc2+ 23. Re2 Rxe2+ 24. Kxe2 Re8+ 25. Kd2 f5 26. Ra3
f6 27. Rg3+ Kf7 28. Rg7+ Ke6 29. Rxh7 Rg8 30. Rg7 Rxg7 31. Bxg7 f4 32. a5 Bc6
33. Ke2 Bxg2 34. Kf2 Bxh3 35. b4 Ke5 1/2-1/2

[Event "BL 1516 Schachfr. Berlin - Turm Emsdett"]
[Site "?"]
[Date "2015.11.01"]
[Round "2.2"]
[White "Kraemer, Martin"]
[Black "Swiercz, Dariusz"]
[Result "1/2-1/2"]
[WhiteElo "2570"]
[BlackElo "2620"]
[PlyCount "175"]
[EventDate "2015.??.??"]

1. e4 e5 2. Nf3 Nc6 3. Bb5 Nf6 4. O-O Nxe4 5. d4 Nd6 6. Bxc6 dxc6 7. dxe5 Nf5
8. Qxd8+ Kxd8 9. Nc3 Ke8 10. Rd1 Ne7 11. h3 h6 12. Bf4 Ng6 13. Bh2 Be7 14. Nd4
Nf8 15. g4 h5 16. f3 Bc5 17. Kg2 Bxd4 18. Rxd4 b6 19. Rad1 Ne6 20. R4d2 Bb7 21.
Bg1 c5 22. Be3 Bc6 23. Kg3 g5 24. Nd5 Bxd5 25. Rxd5 hxg4 26. fxg4 Kf8 27. Rd7
Rh7 28. Rf1 Ke8 29. Rd2 Ke7 30. Rf5 Rg8 31. Rh2 a5 32. a4 Rg6 33. Rh1 Rg8 34.
Kg2 Rhg7 35. Kf3 Rh7 36. Kg3 Rg6 37. Kg2 Rg8 38. Rhf1 Rhg7 39. R1f2 Rh8 40. Rf6
Rgh7 41. R6f3 Ke8 42. Rd2 Ke7 43. Rd1 Ke8 44. Rh1 Ke7 45. Rf5 Rg8 46. b3 Rg6
47. Kg3 Rg8 48. Rf6 Ke8 49. Kf3 Rgh8 50. Kg2 Rg8 51. Rhf1 Rgh8 52. R1f3 Rg8 53.
Rg3 Ke7 54. Rgf3 Ke8 55. R6f5 Rg6 56. Rf1 Rgh6 57. Rh1 Rg6 58. Kg3 Rg8 59. Rf6
Ke7 60. Rh2 Ke8 61. Kf3 Rgh8 62. Kg2 Rg8 63. Kg3 Ke7 64. Rf5 Ke8 65. Rf1 Ke7
66. Rfh1 Nf8 67. Rf2 Rg6 68. Rf5 Ne6 69. Rh2 Rg8 70. Rf6 Ke8 71. Kf2 Rgh8 72.
Rf3 Ke7 73. Rh1 Rh4 74. Kg2 R4h7 75. Rd1 Ke8 76. Rh1 Ke7 77. Bc1 Rg7 78. Rf5
Rhg8 79. Be3 Rh7 80. Bc1 Rhg7 81. Kg3 Nd4 82. Rf2 Rh7 83. Be3 Ne6 84. Rf6 Ke8
85. Rf2 Ke7 86. Rf5 Ke8 87. Rh2 Ke7 88. Rf6 1/2-1/2

[Event "BL 1516 Schachfr. Berlin - Turm Emsdett"]
[Site "?"]
[Date "2015.11.01"]
[Round "2.3"]
[White "Mchedlishvili, Mikheil"]
[Black "Schneider, Ilja"]
[Result "1-0"]
[WhiteElo "2607"]
[BlackElo "2481"]
[PlyCount "37"]
[EventDate "2015.??.??"]

1. e4 c5 2. Nf3 Nf6 3. Nc3 Nc6 4. Bb5 Nd4 5. e5 Nxb5 6. Nxb5 Nd5 7. Ng5 f6 8.
Ne4 f5 9. Ng5 g6 10. O-O Bg7 11. d4 Nc7 12. a4 Nxb5 13. axb5 Qb6 14. Be3 Qxb5
15. dxc5 Qxb2 16. Bd4 Qb4 17. Qd3 h6 18. Nf3 d5 19. Nd2 1-0

[Event "BL 1516 Schachfr. Berlin - Turm Emsdett"]
[Site "?"]
[Date "2015.11.01"]
[Round "2.4"]
[White "Mista, Aleksander"]
[Black "Spoelman, Wouter"]
[Result "0-1"]
[WhiteElo "2580"]
[BlackElo "2583"]
[PlyCount "98"]
[EventDate "2015.??.??"]

1. e4 c5 2. Nf3 e6 3. d4 cxd4 4. Nxd4 Nc6 5. Nc3 Qc7 6. Be2 a6 7. O-O b5 8.
Nxc6 dxc6 9. Be3 Bb7 10. a4 Rd8 11. Qe1 Nf6 12. f4 b4 13. e5 bxc3 14. exf6 cxb2
15. Rb1 gxf6 16. Qc3 Be7 17. Qxb2 Rd7 18. Bf3 O-O 19. Qc3 Ba8 20. Bb6 Qxf4 21.
Bxc6 Qd2 22. Qg3+ Kh8 23. Bxd7 Qxd7 24. Rfd1 Qxa4 25. Be3 Qe8 26. Rd4 Bc5 27.
Qf2 f5 28. Rh4 Bxe3 29. Qxe3 Qe7 30. Rhb4 Qc7 31. Qd4+ f6 32. Rc4 Qg7 33. g3
Bd5 34. Rcb4 Qc7 35. c3 a5 36. Rb5 a4 37. Qb4 Qa7+ 38. Kf1 Rf7 39. Rc5 Kg7 40.
c4 Be4 41. Rd1 Rd7 42. Ke1 Rxd1+ 43. Kxd1 a3 44. Qa5 Qd7+ 45. Ke1 Qd3 46. Rc7+
Kg6 47. Qd2 Qb1+ 48. Qd1 a2 49. Ra7 Bf3 0-1

[Event "BL 1516 Schachfr. Berlin - Turm Emsdett"]
[Site "?"]
[Date "2015.11.01"]
[Round "2.5"]
[White "Van Foreest, Jorden"]
[Black "Dvirnyy, Daniyyl"]
[Result "1/2-1/2"]
[WhiteElo "2548"]
[BlackElo "2560"]
[PlyCount "136"]
[EventDate "2015.??.??"]

1. e4 d6 2. d4 Nf6 3. Nc3 e5 4. Nf3 Nbd7 5. Bc4 Be7 6. a4 O-O 7. O-O c6 8. h3
a5 9. Re1 Nb6 10. Ba2 Nfd7 11. Be3 exd4 12. Nxd4 Nc5 13. Qh5 Nbxa4 14. Nxa4
Nxa4 15. Nf3 Nc5 16. Ng5 Bxg5 17. Bxg5 Qc7 18. Bf4 Ne6 19. Bg3 Rd8 20. f4 d5
21. Kh2 Nf8 22. f5 Qd7 23. Rad1 b5 24. f6 Ng6 25. exd5 c5 26. c4 bxc4 27. Bxc4
Ba6 28. Bxa6 Rxa6 29. d6 gxf6 30. Qxc5 f5 31. Rd4 f4 32. Bxf4 Nxf4 33. Re7 Qc6
34. Qxc6 Rxc6 35. Rxf4 Rcxd6 36. Rfxf7 Rh6 37. Rg7+ Kh8 38. Ra7 Rd2 39. b3 Rb2
40. Kg1 Rb1+ 41. Kh2 Rb2 42. Rg5 Rg6 43. Rxg6 hxg6 44. Rxa5 Rxb3 45. Ra7 Kg8
46. h4 Rc3 47. g3 Rc2+ 48. Kh3 Rc4 49. Kg2 Rc3 50. Kf2 Rb3 51. Re7 Ra3 52. Re3
Ra4 53. Kf3 Kg7 54. Re4 Ra3+ 55. Kf4 Ra7 56. Rb4 Kf6 57. g4 g5+ 58. hxg5+ Kg6
59. Rb6+ Kg7 60. Re6 Rf7+ 61. Kg3 Ra7 62. Kh4 Ra1 63. g6 Ra5 64. Kg3 Rg5 65.
Kf4 Rxg6 66. Kf5 Rxe6 67. Kxe6 Kg6 68. g5 Kxg5 1/2-1/2

[Event "BL 1516 Schachfr. Berlin - Turm Emsdett"]
[Site "?"]
[Date "2015.11.01"]
[Round "2.6"]
[White "Sprenger, Jan Michael"]
[Black "Janssen, Ruud"]
[Result "1/2-1/2"]
[WhiteElo "2510"]
[BlackElo "2479"]
[PlyCount "154"]
[EventDate "2015.??.??"]

1. e4 e5 2. Nf3 Nc6 3. Bb5 a6 4. Ba4 Nf6 5. O-O Be7 6. Re1 b5 7. Bb3 d6 8. c3
O-O 9. h3 Bb7 10. d4 Re8 11. Ng5 Rf8 12. Nf3 Re8 13. Nbd2 Bf8 14. Bc2 h6 15. d5
Nb8 16. b3 Nbd7 17. c4 c6 18. Nf1 Qc7 19. Ng3 Rec8 20. Bd3 bxc4 21. bxc4 Nc5
22. Bf1 Rcb8 23. Qc2 Bc8 24. Be3 Bd7 25. Nd2 g6 26. Rec1 h5 27. Ne2 Kh7 28. Bg5
Ng8 29. Nc3 Bh6 30. Bxh6 Kxh6 31. dxc6 Bxc6 32. Nd5 Qd8 33. Nb3 Ba4 34. Qd2+
Qg5 35. Qxg5+ Kxg5 36. Nxc5 dxc5 37. Rab1 Bc6 38. g3 Kh6 39. h4 Kg7 40. Rd1 Ba4
41. Rdc1 Bc6 42. f3 Nf6 43. Kf2 Nd7 44. Bh3 Nf8 45. Ke3 a5 46. Kd3 f6 47. Kc3
Kf7 48. Nc7 Rxb1 49. Rxb1 Ra7 50. Nb5 Ra8 51. Nd6+ Ke7 52. Nc8+ Kd8 53. Rd1+
Kc7 54. Ne7 Re8 55. Nd5+ Bxd5 56. cxd5 Rb8 57. d6+ Kd8 58. d7 Rb4 59. Rd6 f5
60. exf5 gxf5 61. Bxf5 Rd4 62. Ra6 Nxd7 63. Ra8+ Kc7 64. Ra7+ Kc6 65. Rxa5 Kb6
66. Ra8 Nf6 67. Be6 e4 68. fxe4 Nxe4+ 69. Kc2 Nxg3 70. a4 Rxh4 71. a5+ Kc6 72.
a6 Ra4 73. a7 Ne2 74. Bd5+ Kxd5 75. Rd8+ Ke4 76. a8=Q+ Rxa8 77. Rxa8 h4 1/2-1/2

[Event "BL 1516 Schachfr. Berlin - Turm Emsdett"]
[Site "?"]
[Date "2015.11.01"]
[Round "2.7"]
[White "Zumsande, Martin"]
[Black "Lauber, Arnd"]
[Result "1/2-1/2"]
[WhiteElo "2422"]
[BlackElo "2437"]
[PlyCount "173"]
[EventDate "2015.??.??"]

1. e4 e6 2. d4 d5 3. Nc3 Nf6 4. Bg5 Bb4 5. e5 h6 6. Be3 Ne4 7. Qg4 g6 8. a3
Bxc3+ 9. bxc3 c5 10. Bd3 h5 11. Qd1 Nxc3 12. Qd2 cxd4 13. Bxd4 Na4 14. Nf3 Nc6
15. Bb5 Nb6 16. Bc5 Bd7 17. Qf4 Ne7 18. Qf6 Rf8 19. Bd3 Ba4 20. O-O Nd7 21.
Bxe7 Qxe7 22. Qf4 Nb6 23. Rfb1 Qd7 24. Rb4 O-O-O 25. Rab1 Kb8 26. Nd4 Rc8 27.
h4 Rfd8 28. Qf6 Ka8 29. R1b2 Rg8 30. Qf4 Rc7 31. Rb1 Rgc8 32. Qf6 Rc3 33. Bb5
Bxb5 34. Nxb5 Rxc2 35. Nd6 Rc1+ 36. Rxc1 Rxc1+ 37. Kh2 Rc7 38. Rf4 a6 39. Nxf7
Rc4 40. Rf3 Qa4 41. Ng5 Rxh4+ 42. Nh3 Qd4 43. Qxe6 Re4 44. Rb3 Ka7 45. f4 g5
46. Rb4 Qe3 47. Rxe4 Qxe4 48. fxg5 Nc4 49. Qe7 Nxe5 50. Qc5+ Kb8 51. Nf2 Qf4+
52. Kg1 Qxg5 53. Qd6+ Kc8 54. Qxd5 Qe3 55. Kf1 Kc7 56. Ne4 Qd3+ 57. Qxd3 Nxd3
58. Ke2 Ne5 59. Ng3 Nc4 60. Nxh5 Nxa3 61. Kd3 b5 62. g4 Nc4 63. Kd4 Kd6 64. Ng3
Nd2 65. Nf5+ Kc6 66. Nh4 Nb3+ 67. Kc3 Nc5 68. Nf3 a5 69. g5 Kd5 70. g6 b4+ 71.
Kc2 Ne6 72. Kb3 Ke4 73. Ng5+ Kf5 74. Nf7 Kxg6 75. Ne5+ Kf5 76. Nd3 Nd4+ 77. Kc4
Nc6 78. Kb5 Ke4 79. Nc5+ Kd4 80. Kxc6 Kc4 81. Kb6 b3 82. Nxb3 a4 83. Nc1 Kb4
84. Na2+ Kb3 85. Kb5 a3 86. Nb4 a2 87. Nxa2 1/2-1/2

[Event "BL 1516 Schachfr. Berlin - Turm Emsdett"]
[Site "?"]
[Date "2015.11.01"]
[Round "2.8"]
[White "Thiede, Lars"]
[Black "Richter, Christian"]
[Result "0-1"]
[WhiteElo "2437"]
[BlackElo "2366"]
[PlyCount "156"]
[EventDate "2015.??.??"]

1. Nf3 Nf6 2. c4 g6 3. Nc3 Bg7 4. d4 O-O 5. e4 d6 6. h3 Na6 7. Be3 e5 8. d5 Nc5
9. Nd2 a5 10. g4 c6 11. Be2 Bd7 12. h4 Qb8 13. g5 Ne8 14. h5 Nc7 15. hxg6 fxg6
16. Nb3 Nxb3 17. axb3 c5 18. Kd2 b5 19. Rh4 bxc4 20. Bxc4 Nb5 21. Nxb5 Bxb5 22.
Qe2 Bxc4 23. Qxc4 Rf7 24. Kc2 Bf8 25. Ra4 Be7 26. Rh1 Qd8 27. Rg1 Rb8 28. Qa6
Rb4 29. Rxb4 axb4 30. Qc6 Kg7 31. Qb5 Qc8 32. Qf1 Kg8 33. Rg3 Kg7 34. Qh3 Qa6
35. Qg4 c4 36. Qd1 Qa2 37. bxc4 Qxc4+ 38. Kd2 Qxe4 39. Qb3 Rf5 40. Qd3 Qh4 41.
Qb5 Rf7 42. Ke2 Qh1 43. Qc4 Qa1 44. Qxb4 Qa6+ 45. Ke1 Bd8 46. Bd2 Bb6 47. Rg2
Rf4 48. Qb3 Re4+ 49. Kd1 Qf1+ 50. Kc2 Qxg2 51. Qxb6 Rc4+ 52. Bc3 Qe4+ 53. Kc1
Qh1+ 54. Kc2 Qxd5 55. Qa7+ Kg8 56. Qb8+ Kf7 57. Qa7+ Ke6 58. Qxh7 Kf5 59. Qe7
Kg4 60. Qd7+ Kxg5 61. Qe7+ Kg4 62. Qh7 g5 63. Qd7+ Kf4 64. Qh3 Qf3 65. Qh2+ Kg4
66. Kb3 Rf4 67. Qg1+ Kh5 68. Qf1 g4 69. Qb5 Qd1+ 70. Ka3 Qa1+ 71. Kb3 Qd1+ 72.
Ka3 Rxf2 73. Qe8+ Kh4 74. Qh8+ Kg3 75. Qh6 Rf4 76. b3 Rf3 77. Kb4 Rf4+ 78. Ka3
Qc1+ 0-1

[Event "BL 1516 USV TU Dresden - Werder Bremen"]
[Site "?"]
[Date "2015.11.01"]
[Round "2.2"]
[White "Almasi, Zoltan"]
[Black "Efimenko, Zahar"]
[Result "1/2-1/2"]
[WhiteElo "2689"]
[BlackElo "2647"]
[PlyCount "62"]
[EventDate "2015.??.??"]

1. e4 e5 2. Nf3 Nc6 3. Bb5 a6 4. Ba4 Nf6 5. O-O Be7 6. Re1 b5 7. Bb3 d6 8. c3
O-O 9. h3 Nb8 10. d4 Nbd7 11. Nbd2 c5 12. Bc2 Re8 13. b3 Bf8 14. Bb2 Qc7 15.
dxe5 dxe5 16. c4 Bb7 17. Qe2 b4 18. Nf1 Nb8 19. Ne3 Nc6 20. Nd5 Qd8 21. Qd2 a5
22. Rad1 Nd4 23. Nxd4 exd4 24. Bc1 a4 25. bxa4 Nd7 26. f4 Bc6 27. e5 Bxa4 28.
Bb3 Bxb3 29. axb3 Nb6 30. Nxb6 Qxb6 31. Qd3 f6 1/2-1/2

[Event "BL 1516 USV TU Dresden - Werder Bremen"]
[Site "?"]
[Date "2015.11.01"]
[Round "2.3"]
[White "Hracek, Zbynek"]
[Black "Bartel, Mateusz"]
[Result "1/2-1/2"]
[WhiteElo "2613"]
[BlackElo "2622"]
[PlyCount "61"]
[EventDate "2015.??.??"]

1. e4 e5 2. Nf3 Nc6 3. Bb5 a6 4. Ba4 Nf6 5. O-O Be7 6. Re1 b5 7. Bb3 d6 8. c3
O-O 9. h3 Na5 10. Bc2 c5 11. d4 Nd7 12. Nbd2 exd4 13. cxd4 Nc6 14. d5 Nce5 15.
Nxe5 Nxe5 16. a4 Bb7 17. f4 Nd7 18. Nf3 Re8 19. e5 dxe5 20. fxe5 c4 21. Bf4
Bc5+ 22. Kh2 Nf8 23. d6 Ne6 24. Bg3 Rb8 25. axb5 axb5 26. Be4 Qd7 27. Qc2 h6
28. Bxb7 Rxb7 29. Qe4 Rc8 30. Red1 Bb6 31. Be1 1/2-1/2

[Event "BL 1516 USV TU Dresden - Werder Bremen"]
[Site "?"]
[Date "2015.11.01"]
[Round "2.4"]
[White "Socko, Bartosz"]
[Black "Nyback, Tomi"]
[Result "1-0"]
[WhiteElo "2599"]
[BlackElo "2601"]
[PlyCount "93"]
[EventDate "2015.??.??"]

1. e4 e5 2. Nf3 Nc6 3. Bb5 a6 4. Bxc6 dxc6 5. O-O f6 6. d4 exd4 7. Nxd4 c5 8.
Ne2 Qxd1 9. Rxd1 Bd7 10. Nbc3 O-O-O 11. Be3 Re8 12. Rd2 Bc6 13. Rad1 Bd6 14.
Bf4 Bxf4 15. Nxf4 Nh6 16. Nh5 Rhg8 17. f3 f5 18. Ng3 fxe4 19. Ncxe4 Re5 20. c4
Nf5 21. Nxf5 Rxf5 22. Nc3 b6 23. Kf2 Kb7 24. Re2 Rf7 25. Re5 g5 26. Nd5 g4 27.
Ne7 Rgf8 28. Nxc6 Kxc6 29. Rd3 Rf4 30. b3 gxf3 31. Re6+ Kb7 32. Rxf3 Rxf3+ 33.
gxf3 b5 34. Ke3 Rg8 35. f4 Rg2 36. f5 Rxh2 37. f6 Rh1 38. Kf2 Rh2+ 39. Kg3 Rh1
40. Re2 Rg1+ 41. Rg2 Rd1 42. Rf2 Rd8 43. f7 Rf8 44. Kg4 Kb6 45. Kg5 Ka5 46. Kf6
Kb4 47. Rc2 1-0

[Event "BL 1516 USV TU Dresden - Werder Bremen"]
[Site "?"]
[Date "2015.11.01"]
[Round "2.5"]
[White "Babula, Vlastimil"]
[Black "Maiwald, Jens-Uwe"]
[Result "1-0"]
[WhiteElo "2554"]
[BlackElo "2452"]
[PlyCount "41"]
[EventDate "2015.??.??"]

1. d4 d5 2. c4 e6 3. Nc3 Nf6 4. Nf3 Nbd7 5. Bf4 Bb4 6. e3 c5 7. Be2 Ne4 8. Rc1
O-O 9. O-O Bxc3 10. bxc3 Nb6 11. Qc2 Bd7 12. cxd5 exd5 13. c4 Ba4 14. Qb1 Rc8
15. cxd5 Qxd5 16. dxc5 Nxc5 17. Nd4 Qd7 18. Bb5 Bxb5 19. Nxb5 Ne6 20. Rcd1 Nd5
21. Bd6 1-0

[Event "BL 1516 USV TU Dresden - Werder Bremen"]
[Site "?"]
[Date "2015.11.01"]
[Round "2.6"]
[White "Loxine, Jakov"]
[Black "Smerdon, David"]
[Result "1/2-1/2"]
[WhiteElo "2411"]
[BlackElo "2516"]
[PlyCount "41"]
[EventDate "2015.??.??"]

1. e4 d5 2. exd5 Nf6 3. Nf3 Qxd5 4. d4 Bg4 5. Be2 Nc6 6. c4 Qf5 7. Be3 O-O-O 8.
O-O e5 9. d5 e4 10. Nd4 Nxd4 11. Bxd4 Bd6 12. Re1 h5 13. Nc3 c5 14. dxc6 bxc6
15. Qa4 Bxh2+ 16. Kxh2 Rxd4 17. Qxa7 Qxf2 18. Qa8+ Kc7 19. Qa7+ Kc8 20. Qa8+
Kc7 21. Qa7+ 1/2-1/2

[Event "BL 1516 USV TU Dresden - Werder Bremen"]
[Site "?"]
[Date "2015.11.01"]
[Round "2.7"]
[White "Werle, Jan"]
[Black "Neef, Maximilian"]
[Result "1-0"]
[WhiteElo "2524"]
[BlackElo "2406"]
[PlyCount "89"]
[EventDate "2015.??.??"]

1. d4 Nf6 2. c4 g6 3. Nf3 Bg7 4. g3 O-O 5. Bg2 d6 6. O-O Nc6 7. Nc3 a6 8. Qd3
Bf5 9. e4 Bg4 10. Be3 Nd7 11. Ne1 e5 12. d5 Nd4 13. h3 Nc5 14. Qd2 Bd7 15. b4
Na4 16. Nxa4 Bxa4 17. Bxd4 exd4 18. Nd3 Bd7 19. f4 a5 20. b5 c6 21. e5 cxd5 22.
Bxd5 Bxh3 23. Bxb7 Bxf1 24. Rxf1 Ra7 25. Bc6 dxe5 26. fxe5 Re7 27. Re1 Kh8 28.
c5 Re6 29. Qf4 f6 30. Bg2 fxe5 31. Qg4 Qe8 32. b6 Bh6 33. Bd5 Re7 34. Qe4 Be3+
35. Kg2 Qb5 36. b7 Kg7 37. a4 Qd7 38. Rb1 Qc7 39. Rb6 Ree8 40. Rd6 Bg5 41. Qg4
Rf5 42. Be4 Be7 43. Rc6 Qb8 44. Bxf5 Qxb7 45. Be4 1-0